Essentials of effective communication (Record no. 401617)

000 -LEADER
fixed length control field 00563cam a22001817a 4500
008 - FIXED-LENGTH DATA ELEMENTS--GENERAL INFORMATION
fixed length control field 180718b2002 xxu||||| |||| 00| 0 eng d
020 ## - INTERNATIONAL STANDARD BOOK NUMBER
International Standard Book Number 8188091006
082 ## - DEWEY DECIMAL CLASSIFICATION NUMBER
Classification number I548x54 P278
100 ## - MAIN ENTRY--PERSONAL NAME
Personal name Patri, Vasantha R.
245 ## - TITLE STATEMENT
Title Essentials of effective communication
Statement of responsibility, etc. by Vasantha R. Patri and Neelkant Patri
260 ## - PUBLICATION, DISTRIBUTION, ETC.
Place of publication, distribution, etc. New Delhi
Name of publisher, distributor, etc. Greenspan Pub.
Date of publication, distribution, etc. 2002
300 ## - PHYSICAL DESCRIPTION
Extent 464p.
650 ## - SUBJECT ADDED ENTRY--TOPICAL TERM
Topical term or geographic name entry element Business communication
650 ## - SUBJECT ADDED ENTRY--TOPICAL TERM
Topical term or geographic name entry element Information theory
650 ## - SUBJECT ADDED ENTRY--TOPICAL TERM
Topical term or geographic name entry element Communication planning - India
650 ## - SUBJECT ADDED ENTRY--TOPICAL TERM
Topical term or geographic name entry element Communication policy - India
700 ## - ADDED ENTRY--PERSONAL NAME
Personal name Patri, Neelkant
Holdings
Withdrawn status Lost status Damaged status Not for loan Permanent Location Current Location Date acquired Full call number Barcode Date last seen Price effective from Koha item type
        Indian Institute of Public Administration Indian Institute of Public Administration 2003-08-06 I548x54 P278 78634 2018-07-21 2018-07-21 Book

Powered by Koha